00579nam a2200193Ia 450000500170000000800410001702000150005808200170007324500770009025000090016726000400017630000130021665000170022965000120024665000080025894200060026695200980027299900150037020240530045650.0240331s9999 xx 000 0 und d a9555920001 bROLa341.481 4aThe role of thelaw enforcement officer in the protection of human rights a1 st aColombobSri Lanka Fountationc1986 a223 p ., aHuman Rights aSociety aLaw cL 001040708LaWERCLbWERCLcSSCd2024-03-31l0o 341.481 ROLp601r2024-03-31w2024-03-31yL c2819d2819